000 00675nam a2200205 a 4500
001 BRCA_8371
005 20190320210243.0
008 120814s2012----mx-a######---#000-0#spa-#
020 _a9786079591816
041 _aspa
044 _amx
050 4 _aNB1910
_b.E57 2012
245 1 0 _aEnsayos de escultura virreinal en Puebla de los Ángeles.
260 _aMéxico
_bFundación Amparo : Museo Amparo : UNAM, Instituto de Investigaciones Estéticas
_c2012
300 _a413 p.
_bil. a color
_c26 cm.
504 _aIncluye referencias bibliográficas
650 1 4 _aEscultura
_vEnsayos
_zPuebla, México
_920977
650 1 4 _aEscultura mexicana
_vEnsayos
_920978
942 _2lcc
_cB
999 _c8039
_d8039